Statistics for World Map Quiz

Click here to take the quiz!

General Stats

  • This quiz has been taken 6 times
  • The average score is 80 of 196

Answers on the Map

Answers color-coded by a green-red scale on the quiz's map according to % correct below.
 

Answer Stats

Answer% Correct
Canada
100%
Brazil
83%
Chile
83%
France
83%
Guatemala
83%
Honduras
83%
Mexico
83%
United States
83%
Argentina
67%
Australia
67%
Bahamas
67%
Belize
67%
Bolivia
67%
China
67%
Colombia
67%
Costa Rica
67%
Cuba
67%
Dominican
Republic
67%
Ecuador
67%
Egypt
67%
El Salvador
67%
Haiti
67%
Spain
67%
Afghanistan
50%
Albania
50%
Algeria
50%
Andorra
50%
Angola
50%
Armenia
50%
Austria
50%
Azerbaijan
50%
Bangladesh
50%
Belarus
50%
Belgium
50%
Benin
50%
Bhutan
50%
Bosnia and
Herzegovina
50%
Botswana
50%
Bulgaria
50%
Burkina Faso
50%
Burundi
50%
Cambodia
50%
Cameroon
50%
Cape Verde
50%
Central African
Republic
50%
Chad
50%
Comoros
50%
Croatia
50%
Cyprus
50%
Democratic
Republic of
the Congo
50%
Denmark
50%
Djibouti
50%
Equatorial
Guinea
50%
Eritrea
50%
Estonia
50%
Eswatini
50%
Ethiopia
50%
Finland
50%
Georgia
50%
Germany
50%
Ghana
50%
Greece
50%
Guinea
50%
Guinea-Bissau
50%
Guyana
50%
Iceland
50%
India
50%
Ireland
50%
Jamaica
50%
Luxembourg
50%
Madagascar
50%
Nicaragua
50%
Panama
50%
Paraguay
50%
Peru
50%
Portugal
50%
Russia
50%
South Africa
50%
Suriname
50%
Trinidad and
Tobago
50%
Uruguay
50%
Venezuela
50%
Bahrain
33%
Brunei
33%
Czech Republic
33%
East Timor
33%
Federated States
of Micronesia
33%
Fiji
33%
Gabon
33%
Gambia
33%
Hungary
33%
Indonesia
33%
Iran
33%
Iraq
33%
Israel
33%
Italy
33%
Ivory Coast
33%
Japan
33%
Jordan
33%
Kazakhstan
33%
Kenya
33%
Kosovo
33%
Kuwait
33%
Laos
33%
Latvia
33%
Lebanon
33%
Lesotho
33%
Liberia
33%
Libya
33%
Liechtenstein
33%
Lithuania
33%
Malawi
33%
Malaysia
33%
Maldives
33%
Mali
33%
Malta
33%
Mauritius
33%
Moldova
33%
Monaco
33%
Mongolia
33%
Montenegro
33%
Mozambique
33%
Namibia
33%
Netherlands
33%
New Zealand
33%
Niger
33%
Nigeria
33%
North
Macedonia
33%
North Korea
33%
Norway
33%
Oman
33%
Pakistan
33%
Papua New
Guinea
33%
Poland
33%
Qatar
33%
Republic of
the Congo
33%
Romania
33%
Rwanda
33%
San Marino
33%
São Tomé
and Príncipe
33%
Saudi Arabia
33%
Senegal
33%
Serbia
33%
Seychelles
33%
Sierra Leone
33%
Singapore
33%
Slovakia
33%
Slovenia
33%
Somalia
33%
South Korea
33%
South Sudan
33%
Sudan
33%
Sweden
33%
Switzerland
33%
Syria
33%
Taiwan
33%
Tajikistan
33%
Tanzania
33%
Thailand
33%
Togo
33%
Tunisia
33%
Turkey
33%
Uganda
33%
Ukraine
33%
United Arab
Emirates
33%
United Kingdom
33%
Uzbekistan
33%
Vatican City
33%
Vietnam
33%
Zambia
33%
Zimbabwe
33%
Antigua and
Barbuda
17%
Grenada
17%
Kiribati
17%
Kyrgyzstan
17%
Marshall Islands
17%
Mauritania
17%
Morocco
17%
Nauru
17%
Nepal
17%
Palau
17%
Philippines
17%
Saint Kitts
and Nevis
17%
Saint Lucia
17%
Saint Vincent
and the
Grenadines
17%
Samoa
17%
Solomon Islands
17%
Sri Lanka
17%
Tonga
17%
Turkmenistan
17%
Tuvalu
17%
Vanuatu
17%
Barbados
0%
Dominica
0%
Myanmar
0%
Yemen
0%

Score Distribution

Percentile by Number Answered

Percent of People with Each Score

Your Score History

You have not taken this quiz